000 01843nam a2200493 c 4500
001 52441
003 ES-MaCES
005 20250203133959.0
007 cr |||||||||||
008 220812s2022 sp 000 ||spa d
017 _aNA 103-2022
_bDL
020 _a9788413918617
020 _a9788413918594 (electrónico)
040 _aES-MaCES
_bspa
_cES-MaCES
245 0 0 _aAspectos claves para la igualdad en las relaciones laborales del siglo XXI desde una perspectiva multidisciplinar
_cMª Belén Fernández Collados, dir. y coord. ; pr., Diego Barnuevo Ruiz
250 _a1ª ed
260 _aCizur Menor (Navarra)
_bAranzadi-Thomson Reuters
_c2022
300 _a251 p.
_c24 cm
490 1 _aEstudios
500 _aDisponible en formato electrónico mediante la aplicación PROVIEW
504 _aBibliografía
541 _cCompra
650 4 _arelaciones laborales
_928369
650 4 _anegociación colectiva
_928362
650 4 _aigualdad de oportunidades
_927183
650 4 _adiscriminación por razones de sexo
_929521
650 4 _aempresaria
_930568
650 4 _acapacidad empresarial
_930588
650 4 _aresponsabilidad del empleador
_930146
650 4 _aigualdad de oportunidades en el empleo
_930649
650 4 _aigualdad de remuneración
_927184
650 4 _aconciliación
_927303
650 4 _afamilia
_927318
650 4 _aprotección social
_929076
650 4 _aEspaña
_926964
650 4 _ainvestigación interdisciplinaria
_928841
653 1 0 _aRelaciones laborales-Empleo
700 1 _911793
_aFernández Collados, María Belén
_edir. y coord.
700 1 _940493
_aBarnuevo Ruiz, Diego
_epr.
830 0 _aEstudios (Thomson Reuters-Aranzadi)
_934937
856 4 _uhttps://miespacio.aranzadilaley.es/Account/Login
_yLegalteca
902 _aLIB Libro
942 _2CES
_cBK
_h2.0.
999 _c52441
_d52441